Branat aussel christliche samaritans oder auk lchristilcher lich dek machsten erosshele behaimbnuk biler vortresslichen sonders bemahrten mittein und wunder hanlsamen urknenen mider unter schidliche zustand und ubel dek menschliche leibs und lebens melche mit sonderbahrem fleik und auss das hanl dek nachsten allzeit nachdendlicher surg and viler arzenen crfahrner und beruhmter leib arzten oder medicin- doctorn, lang gepflogener crfahrenheit. (Record no. 8222)

MARC details
000 -CABECERA
campo de control de longitud fija 01230nam a2200265 a 4500
001 - NÚMERO DE CONTROL
campo de control BRCA_8559
005 - FECHA Y HORA DE LA ÚLTIMA TRANSACCIÓN
campo de control 20190320210329.0
008 - DATOS DE LONGITUD FIJA--INFORMACIÓN GENERAL
campo de control de longitud fija 170816s1699----au-#######---#000-0#ger-#
041 ## - CÓDIGO DE LENGUA
Código de lengua del texto/banda sonora o título independiente ger
044 ## - CÓDIGO DEL PAÍS DE LA ENTIDAD EDITORA/PRODUCTORA
Código MARC del país au
050 #4 - SIGNATURA TOPOGRÁFICA DE LA BIBLIOTECA DEL CONGRESO
Número de clasificación R5920
Número de documento/Ítem .B73
-- 1699
245 10 - MENCIÓN DE TÍTULO
Título Branat aussel christliche samaritans oder auk lchristilcher lich dek machsten erosshele behaimbnuk biler vortresslichen sonders bemahrten mittein und wunder hanlsamen urknenen mider unter schidliche zustand und ubel dek menschliche leibs und lebens melche mit sonderbahrem fleik und auss das hanl dek nachsten allzeit nachdendlicher surg and viler arzenen crfahrner und beruhmter leib arzten oder medicin- doctorn, lang gepflogener crfahrenheit.
260 ## - PUBLICACIÓN, DISTRIBUCIÓN, ETC.
Lugar de publicación, distribución, etc. Desterreich
Nombre del editor, distribuidor, etc. Leopold boigt
Fecha de publicación, distribución, etc. 1699
300 ## - DESCRIPCIÓN FÍSICA
Extensión 499 p.
Dimensiones 20 cm
500 ## - NOTA GENERAL
Nota general Fondo antiguo
500 ## - NOTA GENERAL
Nota general CO8-411
500 ## - NOTA GENERAL
Nota general Se encuentra en Caja Fuerte
500 ## - NOTA GENERAL
Nota general Portada impresa en dos tintas negro y rojo
500 ## - NOTA GENERAL
Nota general Nota de encuadernación: piel pergamino, deteriorado del lomo
500 ## - NOTA GENERAL
Nota general Incluye índice
506 0# - NOTA DE RESTRICCIONES AL ACCESO
Limitaciones de acceso Fondo reservado: para su consulta es necesario credencial de usuario y carta de motivos
650 14 - PUNTO DE ACCESO ADICIONAL DE MATERIA--TÉRMINO DE MATERIA
Término de materia o nombre geográfico como elemento de entrada Medicina
Término indicativo de función/relación terapéutica
9 (RLIN) 8143
902 ## - CATALOGADOR
Iniciales LAR
942 ## - ELEMENTOS DE PUNTO DE ACCESO ADICIONAL (KOHA)
Fuente del sistema de clasificación o colocación Library of Congress Classification
Tipo de ítem Koha Libros
Holdings
Estado de retiro Estado de pérdida Estado dañado No para préstamo Localización permanente Ubicación/localización actual Fecha de adquisición Número de inventario Total de préstamos Signatura topográfica completa Código de barras Fecha visto por última vez Precio válido a partir de Tipo de ítem Koha
El ejemplar forma parte de la colección y puede ser consultado según las políticas vigentes.       Biblioteca del Museo Franz Mayer (Rogerio Casas-Alatriste) Biblioteca del Museo Franz Mayer (Rogerio Casas-Alatriste) 17/08/2016 CO8-411   R5920 .B73 1699 (CO8-411) LAR00062 22/03/2019 22/03/2019 Libros